000 00717nam a2200229Ia 4500
005 20260429112023.0
008 260429s9999||||xx |||||||||||||| ||und||
020 _a9781032525495
041 _aEnglish
082 _a378.124
_bKHI
100 _aKhine, Myint Swe
245 0 _aDevelopment of professional identity in higher education :
_bcontinuing and advancing professionalism /
_cMyint Swe Khine
250 _a1st ed.
260 _aNew York :
_bRoutledge,
_c2024.
300 _axiii, 227 p.; hb
440 _aRoutledge research in higher education
650 _a Faculty development
650 _a Professional identity
650 _aHigher education
700 _a Muthanna, Abdulghani
942 _cTB
999 _c51927
_d51927